000 00490nam a2200181Ia 4500
003 GCL
008 140319s9999 xx 000 0 ara d
040 _aGCL /
_cGCL
082 0 4 _a809.3
_bع ع
100 1 _aعلى شلش
245 1 0 _aفى عالم القصة /
_cعلى شلش
300 _a213 ص
490 _aالهيئة العامة للاستعلامات
_v0
650 0 4 _aالقصة العربية
650 0 4 _aالقصة
650 0 4 _aتاريخ ونقد
942 _2ddc
_cBK
999 _c47819
_d47819